000 00664nam a2200265Ia 4500
005 20260121172709.0
008 008 260114s9999 xx 000 0 eng d
020 _a9789811626661
037 _aEBOOK
040 _aCRL
040 _beng
040 _cCRL
041 _2eng
041 _aeng
084 _qCRL
100 _aYunfeng Lin, Ronghui Zhou
_91091607
245 0 _aAdvances in Nanomaterials-based Cell Biology Research
260 _bSpringer
260 _bSpringer
260 _c2021
856 _uhttps://link.springer.com/openurl?genre=book&isbn=978-981-16-2666-1
942 _cEBOOK
999 _c1657347
_d1657347